In the garden of peace /

Saved in:
Bibliographic Details
Main Author: Crofton, Helen Rose Anne
Format: Book
Language:English
Published: Lond. : Lane, 1896.
Series:The Arcady library
LEADER 00719nam a22001931 4500
001 c000196460
003 CARM
005 20021125001700.0
008 851003s1896 enk 0 eng d
019 1 |a 3977343  |5 LACONCORD2021 
035 |a (OCoLC)13316160  |5 LACONCORD2021 
100 1 |a Crofton, Helen Rose Anne. 
245 1 0 |a In the garden of peace /  |c by H.Milman (Mrs. C.Crofton). Illus. by E.H.New. 
260 |a Lond. :  |b Lane,  |c 1896. 
440 4 |a The Arcady library 
852 8 |b CARM  |h A2:AP21A0  |i B06682  |p 0307573  |f BK 
082 0 4 |a 818.4 
999 f f |i ee35f659-329d-566c-9780-7e41e76bb482  |s 0924521c-b404-55ea-bc40-eb5f4c0c7379 
952 f f |p Can circulate  |a CAVAL  |b CAVAL  |c CAVAL  |d CARM 1 Store  |e B06682  |f A2:AP21A0  |h Other scheme  |i book  |m 0307573